000 00441nam a2200145 a 4500
001 000034234
005 20200930070905.0
008 110928s1881 fr 000 0 fre d
040 _aDO-SdBNP
_bspa
_cBNPHU
082 _axxx
_bL446c
100 1 _aLeblois, L.
_959655
245 1 0 _aChristophe Colomb et les conséquences de la Decouverte de L´Amerique /
_cL. Leblois.
260 _aParís :
_bG. Fischbacher,
_c1881.
300 _a32 p. ;
_c25 cm.
999 _c33725
_d33725